[Event "YUG-ch"]
[Site "Novi Sad"]
[Date "1995.??.??"]
[Round "?"]
[White "Velimirovic, Dragoljub"]
[Black "Matulovic, Milan"]
[Result "1-0"]
[WhiteElo "2520"]
[BlackElo "2445"]
[Annotator "Belov,I"]
[PlyCount "66"]
[EventDate "1995.02.??"]
[EventType "tourn"]
[EventRounds "17"]
[EventCountry "YUG"]
[EventCategory "10"]
[SourceTitle "CBM 048"]
[Source "ChessBase"]
[SourceDate "1995.10.01"]
[SourceVersion "1"]
[SourceVersionDate "1995.10.01"]
[SourceQuality "1"]

1. e4 {Baburin} c6 2. d4 d5 3. exd5 cxd5 4. c4 Nf6 5. Nc3 e6 6. Nf3 Be7 7. cxd5
Nxd5 8. Bd3 Nc6 9. O-O O-O 10. Re1 Bf6 11. Be4 Nce7 12. Ne5 (12. Bc2 $5 Nxc3
13. bxc3 Ng6 14. Rb1 b6 15. Rb5 Bb7 16. Ng5 Qc7 17. Ne4 Be7 18. Rh5 $13 {
Garcia,G-Shabalov,A/Reykjavik op/1994/1:0/40/}) 12... Bd7 (12... Nc6 $5 13. Qd3
(13. Nf3 Nce7 {Ivanchuk,V-Karpov,A/URS-ch55 Moscow/1988/0,5/}) 13... h6 14.
Bxd5 exd5 (14... Nb4 15. Qg3 Bh4 16. Qf3 exd5 17. Re2 Be6 18. a3 Nc6 19. Nxc6
bxc6 20. Na4 $14 {Smyslov,V-Ivanchuk,V/URS-ch55 Moscow/1988/1:0/52/}) 15. Bf4
Nb4 16. Qd2 Bf5 17. Rac1 Re8 $10 {Zaichik,G-Khenkin,I/Leningrad/1989/0:1/42/})
(12... g6 13. Bh6 Bg7 14. Qd2 Nf6 15. Rad1 Nxe4 16. Nxe4 $1 Nd5 17. Ng4 $1 Qe7
18. Bxg7 Kxg7 19. Qh6+ Kg8 20. Nc3 $1 Nxc3 21. bxc3 f6 22. Qf4 $16 {Winsnes,
R-Astrom,G,/Sverige/1994/}) 13. Qh5 (13. Qd3 g6 (13... h6 14. Qg3 $14) 14. Bh6
Bg7 15. Bxg7 Kxg7 16. Bxd5 Nxd5 17. Nxd5 exd5 18. Qb3 $14) 13... g6 14. Qh3 Bc6
(14... Bg7 15. Bxd5 Nxd5 16. Nxd5 Bxe5 17. Rxe5 exd5 18. Qh6 $14) 15. Bh6 Bg7 (
15... Re8 16. Ng4) 16. Rad1 Rc8 (16... Nxc3 17. Nxc6 (17. bxc3 {Baburin} Bxe4
18. Rxe4 Bxh6 19. Qxh6 Nf5) 17... Nxc6 18. bxc3 Na5 $10) 17. Bb1 Nxc3 18. bxc3
Bd5 19. Rc1 b5 $10 {Baburin: In this position the c3-d4 pair is not a weakness,
as White has already developed an attack on the K-side and there are many
pieces on the board.} 20. Ng4 Nf5 21. Bxg7 Kxg7 22. Bxf5 exf5 23. Qh6+ Kg8 24.
Ne5 (24. Ne3 Qd7 $10 (24... Bxa2 25. d5 Rc5 26. Red1 Qd7 27. Rd4 f6 $13)) 24...
Rc7 25. Re3 f6 (25... Bxa2 $5 26. Rh3 f6 27. Nxg6 hxg6 28. Qh8+ Kf7 29. Qh7+
Ke6 30. Re3+ Kd6 31. Qxg6 Re7 $13) 26. Nd3 Bxa2 27. Nf4 g5 (27... Bd5 28. Rg3
Rg7 29. Nh5 Rd7 30. Nf4 Rg7 $5 31. Nh5 $10) 28. Rg3 Rg7 $6 (28... Bd5 29. h4 g4
30. f3 Rg7 $13) 29. d5 $1 Bxd5 $6 (29... Qe7 30. Ne6 Bxd5 31. Nxg7 Qxg7 32.
Qxg7+ Kxg7 33. Rd3 Bc4 34. Rd7+ Rf7 35. Rxf7+ Kxf7 36. Ra1 $16) 30. Rd1 Rd7 31.
h4 $1 $18 (31. Rgd3 gxf4) 31... g4 (31... Bc6 32. Rxd7 Qxd7 33. hxg5 fxg5 34.
Rxg5+ Kf7 35. Rg7+ $18) 32. Rgd3 Bc6 33. Ne6 Qe7 (33... Qe7 34. Rxd7 Bxd7 35.
Qxf8+ Qxf8 36. Nxf8 $18) 1-0

[Event "St Petersburg op"]
[Site "St Petersburg"]
[Date "1994.??.??"]
[Round "3"]
[White "Poluljahov, Aleksandr"]
[Black "Karasev, Vladimir I"]
[Result "1-0"]
[WhiteElo "2510"]
[BlackElo "2405"]
[Annotator "Belov,I"]
[PlyCount "74"]
[EventDate "1994.02.??"]
[EventType "swiss"]
[EventRounds "9"]
[EventCountry "RUS"]
[SourceTitle "CBM 041"]
[Source "ChessBase"]
[SourceDate "1994.08.01"]
[SourceVersion "1"]
[SourceVersionDate "1994.08.01"]
[SourceQuality "1"]

1. Nf3 {Ftacnik} c5 2. c4 Nf6 3. Nc3 Nc6 4. e3 e6 5. d4 d5 6. a3 cxd4 (6... a6
$5) (6... Ne4 7. Bd3 Nxc3 8. bxc3 Be7 (8... Qa5 $6 9. Bd2 dxc4 10. Bxc4 Bd6 $6
11. e4 O-O 12. O-O cxd4 13. cxd4 Qh5 14. e5 Be7 15. Qe2 $14 {Portish,
L-Hjartarson,J/Linares/1989/1:0 (41) Inf 47/511/}) 9. O-O O-O 10. Qc2 g6 11.
cxd5 exd5 12. dxc5 Na5 13. Bb2 Nc4 14. Bxc4 dxc4 15. Nd4 Bxc5 16. Qe2 $14 {
Vaisser,A-Andrianov,N/Budapest/1989/1:0 (63) Inf 47/512/}) 7. exd4 Ne4 (7...
Be7 8. c5 Ne4 9. Bb5 $1 Nxc3 10. bxc3 O-O 11. Bxc6 bxc6 12. Ne5 Bd7 13. O-O f6
14. Nxd7 Qxd7 15. Bf4 $1 e5 16. Bg3 e4 17. Rb1 $16 {Alburt,L-Dlugy,M/
Philadelphia/1982/ Inf 34/496/}) 8. Bd3 Nxc3 9. bxc3 dxc4 10. Bxc4 Be7 11. O-O
O-O 12. Re1 (12. Qd3 b6 13. h4 $1 Bb7 (13... Bxh4 $2 14. Qe4 $18) 14. h5 Rc8
15. Ba2 Bf6 16. Re1 Re8 17. Bf4 Na5 18. Ne5 Bxe5 19. Rxe5 $1 Bd5 20. Rg5 f6 21.
Rg4 $14 {Popov,L-Foisor,O/Berlin/1987/1:0 (37) Inf 44/503/}) 12... b6 13. Bd3
Bb7 14. h4 $5 Bxh4 (14... Bf6 $5 15. Ng5 g6 (15... h6 16. Nh7 Re8 17. Qh5 $40)
16. Qg4 h5 17. Qg3 Ne7 $13) 15. Nxh4 Qxh4 16. Re3 f5 $5 (16... g6 17. Rg3 Qe7
18. Bh6 Rfd8 19. Qg4 $40) (16... Qe7 {Ftacnik} 17. Qh5 (17. Bxh7+ $6 Kxh7 18.
Qh5+ Kg8 19. Rh3 f5 20. Bg5 Qd7 $17) 17... g6 18. Qh6 Rfe8 19. d5 Nd8 20. Rh3
f5 21. Bb5 Rf8 22. Bg5 $40) (16... h6 {Ftacnik} 17. Rh3 Qf6 18. Qg4 Kh8 $140
19. Bg5 $18) 17. Rxe6 Ne7 (17... Na5 $5 18. Qe2 Rac8 19. Bd2 Bd5 20. Re7 Nc4
$13) (17... Rae8 {Ftacnik} 18. Rxe8 Rxe8 19. Bxf5 $16) 18. Re5 $1 (18. Qe2 {
Ftacnik} Nd5 19. Bd2 $16) 18... Rac8 (18... Nd5 $2 {Ftacnik} 19. Bc4 Rad8 20.
Qb3 $18) 19. Bd2 Be4 $6 (19... Rc7 $5) (19... Kh8 $16 {Ftacnik}) 20. Bxe4 fxe4
21. Qe2 Ng6 22. Rxe4 $16 Qf6 (22... Rxf2 $2 {Ftacnik} 23. Qe1 $1 $18) 23. a4
Qc6 24. f3 Rf5 $6 25. c4 $1 Qxc4 (25... Qd7 26. d5 Rf7 27. Bb4 $18) (25... Rff8
{Ftacnik} 26. d5 $16) 26. Rc1 Qxc1+ $8 (26... Qxe2 $2 {Ftacnik} 27. Rxc8+ $18)
27. Bxc1 Rxc1+ 28. Kf2 Rc6 (28... Rc8 {Ftacnik} 29. Re8+ Rxe8 30. Qxe8+ Rf8 31.
Qd7 Rf7 32. Qd5 $16) 29. Re8+ Kf7 (29... Rf8 {Ftacnik} 30. Qa2+ Kh8 31. Qf7 Rf6
32. Rxf8+ Nxf8 33. Qxa7 $18) 30. Ra8 Re6 (30... Rc7 {Ftacnik} 31. Qe8+ Kf6 32.
Qd8+ Re7 33. Rxa7 $18) 31. Rxa7+ Ne7 32. Qd3 Kf6 (32... g6 $2 {Ftacnik} 33. d5
Rd6 34. Qe4 $18) 33. Rd7 Rd5 34. Rxd5 Nxd5 35. Qxh7 Rc6 36. Qh4+ Ke6 (36... Kf7
{Ftacnik} 37. Qh5+ Ke6 38. Qe5+ $18) 37. Qe4+ Kd6 1-0

[Event "Moscow"]
[Site "Moscow"]
[Date "1981.04.??"]
[Round "8"]
[White "Karpov, Anatoly"]
[Black "Timman, Jan H"]
[Result "1-0"]
[WhiteElo "2690"]
[BlackElo "2620"]
[Annotator "Belov,I"]
[PlyCount "59"]
[EventDate "1981.04.08"]
[EventType "tourn"]
[EventRounds "13"]
[EventCountry "URS"]
[EventCategory "15"]
[SourceTitle "MCL"]
[Source "ChessBase"]
[SourceDate "1999.07.01"]
[SourceVersion "1"]
[SourceVersionDate "1999.07.01"]
[SourceQuality "1"]

1. c4 c5 2. Nf3 Nc6 3. e3 Nf6 4. Nc3 e6 5. d4 d5 6. cxd5 Nxd5 7. Bd3 Be7 8. O-O
O-O 9. a3 cxd4 (9... Nxc3 10. bxc3 b6 11. Bb2 Bb7 12. Qe2 Qc7 13. Rad1 Bf6 14.
e4 g6 15. h4 $14 {Psakhis,L-Sveshnikov,E/Sochi/1985/1:0 (46) Inf 40/520/}) 10.
exd4 Bf6 11. Be4 Nce7 (11... Qd6 $5 12. Qd3 h6 13. Rd1 Bd7 14. Qe2 Rac8 $10 {
Alburt,L-Sax,G/Hastings/1983/1:0 (57) Inf 37/475/}) 12. Qd3 (12. Ne5 Nc6 $5)
12... h6 $6 (12... g6 $142 13. Bh6 Bg7 14. Bxg7 Kxg7 15. Rfe1 b6 16. Bxd5 Nxd5
17. Nxd5 Qxd5 18. Re5 Qd6 $10 {Miles,A-Portisch,L/Bugojno/1978/}) 13. Ne5 $14
Nxc3 14. Qxc3 Nf5 (14... Qd6 $5 15. b4 Nd5 16. Qg3 $14) 15. Be3 Nd6 (15... Nxe3
16. fxe3 Bxe5 17. dxe5 $16 {>< Bc8/}) 16. Bf3 $1 {>< b7/} Bd7 17. Qb4 Bb5 (
17... Be7 18. Qb3 {/\ d5/}) (17... Qe7 18. Bf4 a5 19. Qb3 $16) 18. Rfe1 a5 19.
Qb3 Ba6 20. Rad1 Nf5 21. Be4 {/\ Bf5/} Nxe3 22. Qxe3 Qd6 23. Bc2 Rfd8 $2 (23...
Qd5 $142 24. Bb3 Qd6 25. f4 {/\ d5/}) 24. Qe4 Rac8 25. Qh7+ (25. h3 Kf8 26. Re3
Ke7 27. Bb3 Bxe5 28. dxe5 Qc6 29. Qh4+ Ke8 30. Rxd8+ Rxd8 31. Rc3 $14) 25...
Kf8 26. h3 $6 (26. Bb3 $1 Ke7 (26... Qb6 27. Ng6+ fxg6 28. Bxe6 Rc6 29. Qg8+
Ke7 30. Qf7+ Kd6 31. d5 Rc7 32. Bd7 $1 $18) 27. Ng4 Rh8 28. Qf5 $16 {Karpov/})
26... b6 $6 (26... Bb5 $6 27. Bb3 $1) (26... b5 27. Bb3 a4 28. Ng6+ $1 $18) (
26... Ke7 $142 27. Ng4 Rh8 $1 28. Qf5 Bxd4 $13) 27. Bb3 Bb7 28. d5 (28. Ng6+
fxg6 29. Rxe6 $18) 28... Qc7 29. dxe6 Rxd1 30. Ng6+ $1 (30. Ng6+ $1 fxg6 31.
e7+ Qxe7 32. Qg8#) 1-0

[Event "Biel-16 GM"]
[Site "Biel"]
[Date "1983.07.22"]
[Round "5"]
[White "Nunn, John DM"]
[Black "Campora, Daniel Hugo"]
[Result "1-0"]
[WhiteElo "2570"]
[BlackElo "2480"]
[Annotator "Belov,I"]
[PlyCount "69"]
[EventDate "1983.07.17"]
[EventType "tourn"]
[EventRounds "11"]
[EventCountry "SUI"]
[EventCategory "10"]
[SourceTitle "MCL"]
[Source "ChessBase"]
[SourceDate "1999.07.01"]
[SourceVersion "1"]
[SourceVersionDate "1999.07.01"]
[SourceQuality "1"]

1. e4 c6 2. d4 d5 3. exd5 cxd5 4. c4 Nf6 5. Nc3 e6 6. Nf3 Be7 7. cxd5 Nxd5 8.
Bd3 Nc6 9. O-O O-O 10. Re1 Bf6 11. Be4 Nce7 12. Ne5 (12. Qb3 b6 13. Bxd5 Nxd5
14. Nxd5 Qxd5 15. Qxd5 exd5 16. Bg5 Bxg5 17. Nxg5 f6 18. Nf3 $14 {Sveshnikov,
E-Epishin,V/Biel izt/1993/1/2-1/2/52/}) (12. h4 Bd7 13. Qd3 h6 14. Ng5 g6 15.
Nf3 Bg7 16. h5 g5 17. Nxg5 $1 hxg5 18. Bxg5 $40 {Dzandzava,L-Kalegin,E/Batumi/
1991/1:0/31/}) (12. Qd3 g6 13. Bh6 Bg7 14. Qd2 Qd6 15. Bxd5 Nxd5 16. Bxg7 Kxg7
17. Nxd5 Qxd5 18. Re5 Qd6 19. Rae1 $14 {Gipslis,A-Borer,R/Berlin/1991/1:0/(36/}
) 12... g6 (12... Nc6 $5 13. Qd3 h6 14. Bxd5 Nb4 15. Qg3 Bh4 16. Qf3 {Smyslov,
V-Ivanchuk,V/URS-ch/1988/1:0/52/} Nxd5 $14) 13. Bh6 Bg7 14. Bxg7 (14. Qd2 Nf6
15. Rad1 Nxe4 16. Rxe4 b6 17. Rh4 Nf5 18. Bxg7 Kxg7 19. Rh3 Bb7 $10 {Liberzon,
V-Podgaets,M/URS-ch/1968/}) 14... Kxg7 15. Qf3 (15. Qb3 Nf6 16. Rad1 $14 {
Gheorghiu,F-Arnason,J/USA/1978/}) 15... Nf6 (15... Nxc3 16. bxc3 Qc7 17. Rab1
Rb8 18. Qg3 f6 19. Nc6 $14) (15... Qb6 16. Rad1 (16. Bxd5 Nxd5 17. Nxd5 exd5
18. Qxd5 Be6 19. Qc5 $14 {Ribli,Z-Deze,V/JUG/1982/}) 16... Qxb2 17. Bxd5 Nxd5
18. Nxd5 exd5 19. Qxd5 Be6 20. Qf3 $14) 16. Bxb7 (16. Rad1 Ned5 $14) 16... Bxb7
17. Qxb7 a5 (17... Rb8 18. Qxa7 Rxb2 19. Qa3 $16) 18. Qf3 Qxd4 19. Rad1 Qb4 20.
Nd7 Nxd7 21. Rxd7 Nd5 $6 (21... Nf5 $142 22. Rb7 Qc4 $10) 22. Rxe6 $1 Nxc3 (
22... Qxb2 23. Nd1 $1) 23. Ree7 $1 Kg8 24. Rxf7 Ne2+ $8 25. Kf1 Qxb2 $6 (25...
Ng3+ $142 26. hxg3 Qc4+ 27. Kg1 Qc1+ 28. Kh2 Qh6+ 29. Kg1 Qc1+ 30. Rd1) 26. Qd5
$1 Ng3+ (26... Qa1+ 27. Kxe2 Rae8+ 28. Kf3 Kh8 29. Kg4 Rxf7 30. Qxf7 Re4+ 31.
Kh3 $18) 27. hxg3 Qa1+ 28. Ke2 Rae8+ 29. Kf3 Kh8 30. Kg4 $1 h5+ 31. Kh4 Qh1+
32. Kg5 Qc1+ 33. f4 Rxf7 34. Rxf7 Qe3 35. Kh6 1-0

[Event "Interzonal-16"]
[Site "Biel"]
[Date "1993.??.??"]
[Round "1"]
[White "Sveshnikov, Evgeny"]
[Black "Epishin, Vladimir"]
[Result "1/2-1/2"]
[WhiteElo "2570"]
[BlackElo "2655"]
[Annotator "Blatny,P"]
[PlyCount "113"]
[EventDate "1993.07.16"]
[EventType "swiss"]
[EventRounds "13"]
[EventCountry "SUI"]
[SourceTitle "CBM 037"]
[Source "ChessBase"]
[SourceDate "1993.12.01"]
[SourceVersion "1"]
[SourceVersionDate "1993.12.01"]
[SourceQuality "1"]

1. e4 c6 2. d4 d5 3. exd5 cxd5 4. c4 Nf6 5. Nc3 e6 6. Nf3 Be7 7. cxd5 Nxd5 8.
Bd3 Nc6 9. O-O O-O 10. Re1 Bf6 11. Be4 Nce7 12. Qb3 $5 (12. h4 $5) (12. Qd3)
12... b6 (12... Qb6 $5) 13. Bxd5 (13. Bg5 Bxg5 14. Nxg5 h6 15. Nf3 Bb7 $15) (
13. Bf4 $5 {/\} Bb7 14. Bg3 {Epishin,V}) 13... Nxd5 (13... exd5 14. Bf4 Bg4 15.
Ne5 Be6 16. Rac1 $14 {Epishin,V}) 14. Nxd5 Qxd5 15. Qxd5 exd5 16. Bg5 Bxg5 17.
Nxg5 f6 $1 18. Nf3 $14 {_|_} Bd7 (18... Bg4 19. Nd2 {/\ Nf1-e3}) 19. Nd2 $1
Rac8 20. Nf1 Rc4 21. Rad1 Rc2 22. Rb1 Rfc8 23. Ne3 Rd2 24. Red1 (24. Nxd5 Rc4
$1 $15 {Epishin,V}) 24... Rxd1+ (24... Re2 $6 25. g4 $1 {/\ Kg2-f3+/-}) 25.
Rxd1 {R 9/i} Kf7 26. f3 Ke6 27. Kf2 Kd6 28. h4 (28. g4 {RR} Rh8 $1 29. Rg1 g5
30. h4 h5 $10 {Epishin,V}) 28... Be6 (28... h5 $142 $14) 29. g4 Bd7 30. Kg3 Be6
31. Re1 Bd7 (31... Rf8 $142 {/\ f5 Epishin,V}) 32. g5 Rf8 33. Rh1 Re8 (33...
Rf7 $142 $1 {Epishin,V}) 34. Kf2 Rf8 35. Rg1 Be6 36. gxf6 $6 (36. Kg3 $142 {
/\ f4, Kf3, h5+/=}) 36... g6 $1 37. h5 Rxf6 38. hxg6 hxg6 39. Rg5 a5 40. Kg3
Kc6 41. a4 (41. Ng4 Bxg4 42. Kxg4 Re6 $10) (41. Re5 Kd6 42. Ng4 Bxg4 43. Kxg4
Kc6 44. f4 $14 Rd6 45. Re3 Kb5 46. Rc3 Rf6 $1) 41... b5 $1 42. axb5+ Kxb5 43.
Nxd5 Bxd5 44. Rxd5+ Kb4 45. Rd8 a4 46. d5 Kc5 $1 47. Ra8 Rb6 $1 48. Rxa4 Rxb2
$10 49. Ra5+ (49. Rg4 Kxd5 50. Rxg6 Ke5 $1 $10) 49... Kd6 50. Kf4 Rg2 $8 51.
Ke3 Rg1 52. Ke4 Re1+ 53. Kf4 Rg1 54. Rb5 Rg2 55. Ke3 Rg1 56. f4 g5 57. fxg5
1/2-1/2

[Event "Pamplona 9192 2nd"]
[Site "Pamplona"]
[Date "1991.??.??"]
[Round "4"]
[White "Illescas Cordoba, Miguel"]
[Black "De la Villa Garcia, Jesus Maria"]
[Result "1-0"]
[WhiteElo "2545"]
[BlackElo "2470"]
[Annotator "Blatny,P"]
[PlyCount "77"]
[EventDate "1991.12.??"]
[EventType "tourn"]
[EventRounds "9"]
[EventCountry "ESP"]
[EventCategory "13"]
[SourceTitle "CBM 028"]
[Source "ChessBase"]
[SourceDate "1992.06.01"]
[SourceVersion "1"]
[SourceVersionDate "1992.06.01"]
[SourceQuality "1"]

1. Nf3 Nf6 2. c4 c5 3. Nc3 d5 4. cxd5 Nxd5 5. e3 e6 6. d4 cxd4 7. exd4 {
IP --> Motiv Pd4:Pe6} Bb4 8. Qb3 Nc6 9. Bd3 Be7 10. O-O O-O 11. a3 {><b4,/
^b1-h7} Bf6 (11... Nxc3 12. bxc3 e5 13. d5 Na5 (13... Bg4 14. dxc6 Bxf3 15.
cxb7 Rb8 16. Qc2 $18) 14. Qc2 Qxd5 15. Bxh7+ Kh8 16. Be4 $132 Qc5) 12. Rd1 Re8
(12... Qb6 13. Qc2 g6 14. Be4 Nxc3 15. bxc3 Bd7 16. Bf4 {Beljavski-Andersson,
Moscow izt 1982} Rac8 $13) 13. Be4 Nce7 14. Ne5 g6 15. Bh6 Bh8 $6 (15... b6 16.
Ng4 Bg7 17. Bxg7 Kxg7 18. Bxd5 exd5 19. Ne5 f6 20. Nd3 Be6 21. Nf4 Bf7 $14) 16.
Nxd5 exd5 (16... Nxd5 17. Qg3 {->>>}) 17. Bf3 Be6 (17... f6 18. Nd3 b6 (18...
Be6 {קb7}) 19. Nf4 Bb7 $14) 18. Qxb7 Nf5 {/\Nd4,Be5} 19. Bf4 Rb8 20. Qxa7 Rxb2
21. Nc6 Qa8 (21... Qh4 22. g3 Qh3 23. Bg2) 22. Qxa8 Rxa8 23. Be5 $16 (23. g4 $6
Nh4 24. Bxd5 Bxd5 25. Ne7+ Kf8 26. Nxd5 Rd8 $44) 23... Rc8 24. Nb4 Rc4 25. Bxd5
Bxd5 26. Nxd5 Bxe5 (26... Nxd4 $4 27. Ne7+ Kf8 28. Bxh8 $18) 27. dxe5 Rcc2 28.
Rf1 Kg7 29. Rad1 Re2 30. Nf4 Rec2 (30... Rxe5 31. Nd3 $18) 31. Rd7 g5 32. Nh5+
Kf8 33. Nf6 Ne3 34. Rd8+ Kg7 35. Rg8+ Kh6 36. h4 {/\hg#} gxh4 37. fxe3 h3 38.
Ng4+ Kh5 39. Rf5+ (39. Rf5+ Kh4 40. g3+ Kxg3 41. Nh2+ Kh4 42. Nf3#) 1-0

[Event "Bugojno"]
[Site "Bugojno"]
[Date "1978.03.11"]
[Round "12"]
[White "Miles, Anthony John"]
[Black "Portisch, Lajos"]
[Result "1/2-1/2"]
[WhiteElo "2565"]
[BlackElo "2630"]
[Annotator "Bulletin"]
[PlyCount "81"]
[EventDate "1978.02.27"]
[EventType "tourn"]
[EventRounds "15"]
[EventCountry "YUG"]
[EventCategory "14"]
[SourceTitle "MCL"]
[Source "ChessBase"]
[SourceDate "1999.07.01"]
[SourceVersion "1"]
[SourceVersionDate "1999.07.01"]
[SourceQuality "1"]

1. c4 c5 2. Nf3 Nf6 3. Nc3 e6 4. e3 d5 5. cxd5 Nxd5 6. d4 Nc6 7. Bd3 Be7 8. O-O
O-O 9. a3 cxd4 10. exd4 Bf6 11. Be4 Nce7 12. Qd3 g6 13. Bh6 Bg7 14. Bxg7 Kxg7
15. Rfe1 (15. Ne5 b6 16. Nxd5 Nxd5 $10 {Portisch-Awerbach, Budapest 1970})
15... b6 16. Bxd5 Nxd5 17. Nxd5 Qxd5 18. Re5 Qd6 19. Rae1 Bb7 20. Ng5 Rad8 21.
d5 Bxd5 (21... exd5 22. Re7 Bc8 23. Qd4+ $16) 22. Qd4 Ba8 (22... f6 23. Rxe6
Bxe6 24. Qxd6 $10) 23. Rd5+ e5 24. Qxe5+ (24. Rexe5 Qf6 (24... Bxd5 25. Re6+ f6
26. Rxd6 Rxd6 $15) 25. Ne4 Rxd5 $10) 24... Qxe5 25. Rdxe5 Rd2 26. R5e2 Rfd8 27.
Re7 Bd5 28. b4 a6 (28... h6 $5 29. Ne4 Bxe4 30. R7xe4 R8d3) 29. h3 h6 30. Ne6+
Bxe6 31. R1xe6 Ra2 32. Rxb6 Rd1+ 33. Kh2 Rdd2 34. Re3 Rxf2 35. Rg3 Rf6 36. Rxf6
Kxf6 37. Re3 g5 38. Kg3 h5 39. Rc3 Kg7 40. Kf3 h4 41. Rd3 1/2-1/2

[Event "URS-ch46 First League"]
[Site "Ashkhabad"]
[Date "1978.??.??"]
[Round "16"]
[White "Sveshnikov, Evgeny"]
[Black "Kakageldyev, Amanmurad"]
[Result "1-0"]
[WhiteElo "2565"]
[BlackElo "2415"]
[Annotator "Bulletin"]
[PlyCount "111"]
[EventDate "1978.10.??"]
[EventType "tourn"]
[EventRounds "17"]
[EventCountry "URS"]
[EventCategory "10"]
[SourceTitle "MCL"]
[Source "ChessBase"]
[SourceDate "1999.07.01"]
[SourceVersion "1"]
[SourceVersionDate "1999.07.01"]
[SourceQuality "1"]

1. c4 Nf6 2. Nc3 c6 3. e4 d5 4. exd5 cxd5 5. d4 e6 6. Nf3 Be7 7. cxd5 Nxd5 8.
Bd3 Nc6 9. O-O O-O 10. Re1 Bf6 (10... b6) (10... Nf6) 11. Be4 Nce7 12. Qd3 (12.
Qc2 g6 13. Bh6 Bg7 14. Bxg7 Kxg7 15. Ne5 b6 16. h4 $5 Nf5 $13 {Velimirovic,
M-Hort,V/Niksic/1978/}) (12. Ne5 Bd7 13. Qd3 g6 14. Bh6 Bg7 15. Qh3 Bc6 16. Bg5
Qa5 $14 {Uhlmann,W-Bednarski,J/Decin/1977/}) (12. a3 Bd7 13. Qd3 g6 14. Bh6 Bg7
15. Bxg7 Kxg7 16. Bxd5 Nxd5 17. Nxd5 $16 {Honfi,K-Dorfmann,J/Pecs/1976/}) 12...
g6 13. Bh6 Re8 $5 (13... Bg7) 14. Qb5 $5 $14 (14. Ne5) 14... Qd7 15. Qb3 Rd8
16. Rac1 b6 17. Ne5 Bxe5 18. dxe5 Bb7 19. Rcd1 Qc7 20. Bxd5 Bxd5 21. Qb4 a5 22.
Qf4 Bb7 23. Qf6 Nf5 24. Nb5 Qe7 25. Bg5 $1 $16 Rxd1 26. Rxd1 Qxf6 27. Bxf6 Bc6
28. a4 Kf8 29. Rd8+ Rxd8 30. Bxd8 Bxb5 31. axb5 Nd4 32. Bxb6 Nxb5 33. Bxa5 $18
Ke7 34. f4 Kd7 35. Kf2 Kc6 36. Kf3 Kd5 37. Kg4 h6 38. Bb4 Nd4 39. Bf8 Nf5 40.
g3 Kc4 41. b4 Ne3+ 42. Kh4 Nf1 43. Bxh6 Nxh2 44. Kg5 Kxb4 45. Kf6 Ng4+ 46. Kxf7
$1 Nxh6+ 47. Kxg6 Ng4 48. Kf7 Kc4 49. Kxe6 Kd4 50. Kf7 Kd5 51. e6 Nh6+ 52. Kg6
Ng8 53. Kf7 Nh6+ 54. Kg6 Ng8 55. f5 Ke5 56. g4 1-0

[Event "Buenos Aires"]
[Site "Buenos Aires"]
[Date "1980.??.??"]
[Round "?"]
[White "Balashov, Yuri S"]
[Black "Panno, Oscar"]
[Result "1/2-1/2"]
[WhiteElo "2600"]
[BlackElo "2540"]
[Annotator "Chekhov,V"]
[PlyCount "49"]
[EventDate "1980.10.15"]
[EventType "tourn"]
[EventRounds "13"]
[EventCountry "ARG"]
[EventCategory "13"]
[SourceTitle "MCL"]
[Source "ChessBase"]
[SourceDate "1999.07.01"]
[SourceVersion "1"]
[SourceVersionDate "1999.07.01"]
[SourceQuality "1"]

1. e4 c6 2. c4 d5 3. exd5 cxd5 4. cxd5 Nf6 5. Nc3 Nxd5 6. Nf3 e6 7. d4 Nc6 8.
Bd3 Be7 9. O-O O-O 10. Re1 Nf6 (10... Ncb4 11. Bb1 b6 12. a3 Nxc3 13. bxc3 Nd5
14. Qd3 Nf6 15. Bg5 g6 16. Ne5 Bb7 17. Bh6 Re8 18. Qh3 $36 {Adams,M-Seirawan,J/
Wijk aan Zee/1991/0,5 (55)/Inf 51/420/}) (10... Bf6 $5 11. Be4 Nce7 12. Qb3 $5
b6 13. Bxd5 Nxd5 14. Nxd5 Qxd5 15. Qxd5 exd5 16. Bg5 Bxg5 17. Nxg5 f6 18. Nf3
$14 {Sveshnikov,E-Epishin,V/Biel/1993/0,5 (57)/Inf 58/455/}) 11. a3 a6 (11...
b6 $5 12. Bc2 Bb7 13. Qd3 Re8 14. Bg5 g6 15. Rad1) 12. Bg5 (12. Bc2 Qc7 $6 (
12... b5 $5) 13. Qd3 Rd8 14. Bg5 g6 15. Rad1 $16 {Fuchs,B-Hartmann,G/DDR/1964/}
) 12... g6 (12... b5 $5 13. Bc2 Bb7 14. Qd3 g6) 13. Be4 $6 (13. Bc2 $5) 13...
Nxe4 14. Nxe4 Bxg5 15. Nexg5 b6 $10 16. Qd2 Ne7 (16... Bb7 17. Ne4 Ne7 18. Nf6+
(18. Qh6 Nf5) 18... Kg7) 17. h4 Bb7 18. Rad1 Rc8 (18... Nf5 19. h5) (18... Nd5
$5 {P f6/}) 19. h5 Bxf3 (19... gxh5 $5 20. Ne4 Ng6 21. Qh6 {P f5-g5/}) 20. Nxf3
Nd5 21. Ne5 (21. Qh6 Qf6 {P c2/}) 21... Rc7 (21... Qh4 $5 22. hxg6 hxg6 23. Qd3
a5 24. Nxg6 fxg6 25. Qxg6+ Kh8) 22. Rc1 Rxc1 23. Rxc1 Qh4 $1 24. hxg6 hxg6 25.
Nf3 (25. Nf3 Qf4 $5 26. Qxf4 (26. Qc2 Kg7 {P h8, h6-/+/}) 26... Nxf4 27. Rc7
Nd5 28. Ra7 $1 (28. Rb7 f6 $1 {P c8/}) 28... Rc8 $1 (28... a5 29. Ne5) 29. Ne5
Rc1+ 30. Kh2 Rc2 31. Kg3 (31. Rxf7 Rxb2 $13) 31... Rxb2 32. Nxf7 Rb3+) 1/2-1/2